| 000 | 005200000a22001930004500 | ||
|---|---|---|---|
| 001 | 001996 | ||
| 003 | MACL | ||
| 005 | 20150705145249.0 | ||
| 008 | 150705b xxu||||| |||| 00| 0 eng d | ||
| 040 |
_aMACL _cMACL |
||
| 041 | _aEnglish | ||
| 082 | _a301 | ||
| 100 |
_aLieten, G K _9888 |
||
| 245 |
_aUnequal Partners _bPower Relations, Devolution and Development in Uttar Pradesh _cG K Lieten |
||
| 260 |
_aNew Delhi _c1999 _bSage Publications, |
||
| 350 | _a395 | ||
| 650 |
_aSocial Science _929 |
||
| 942 |
_k301 _cBK _2ddc |
||
| 999 |
_c13912 _d13912 |
||